All Rockets Hall of Famers - Statistics

General Stats
  • This quiz has been taken 10 times
    8 since last reset
  • The average score is 9 of 13
Answer Stats
Picture Answer % Correct
Yao Ming
100%
Charles Barkley
86%
Clyde Drexler
86%
Hakeem Olajuwon
86%
Scottie Pippen
86%
Tracy McGrady
86%
Dikembe Mutombo
71%
Moses Malone
71%
Rick Barry
71%
Elvin Hayes
57%
Calvin Murphy
43%
Ralph Sampson
43%
Rudy Tomjanovich
29%
No matching quizzes found
Score Distribution
Percent of People with Each Score
Percentile by Number Answered
Your Score History
You have not taken this quiz since the last reset